[Event "North American-ch U20"]
[Site "Kitchener CAN"]
[Date "2015.07.27"]
[Round "2"]
[White "Viswanadha, Kesav"]
[Black "Vettese, Nicholas"]
[Result "1-0"]
[WhiteElo "2367"]
[BlackElo "2181"]
[PlyCount "199"]
[GameId "2160767908837285"]
[EventDate "2015.07.26"]
[EventType "swiss"]
[EventRounds "9"]
[EventCountry "CAN"]
[SourceTitle "EXT 2019"]
[Source "ChessBase"]
[SourceDate "2018.10.10"]
[SourceVersion "1"]
[SourceVersionDate "2018.10.10"]
[SourceQuality "1"]

1. d4 Nf6 2. c4 e6 3. Nc3 Bb4 4. f3 Bxc3+ 5. bxc3 d5 6. cxd5 exd5 7. e3 O-O 8. Bd3 c5 9. Ne2 Re8 10. O-O Nc6 11. Ng3 Be6 12. Ba3 cxd4 13. cxd4 Rc8 14. Kh1 Na5 15. Rc1 Nc4 16. Bxc4 dxc4 17. Qd2 a5 18. Bb2 b5 19. a3 Ra8 20. e4 Bc8 21. d5 h5 22. Qg5 h4 23. Ne2 Ba6 24. Nd4 Nxe4 25. Qxd8 Raxd8 26. fxe4 Rxe4 27. Rfe1 Rxe1+ 28. Rxe1 Rxd5 29. Nc6 Rd2 30. Bc1 Ra2 31. Nxa5 Kh7 32. h3 Bc8 33. Kh2 Be6 34. Re5 c3 35. Rxb5 Ra1 36. Bf4 Rxa3 37. Rc5 Ra2 38. Nc6 Bb3 39. Nd4 Bc2 40. Nf3 f6 41. Rxc3 g5 42. Be3 Be4 43. Nd2 Ba8 44. Rc7+ Kg6 45. Ra7 Rxa7 46. Bxa7 f5 47. Bb6 f4 48. Nf3 Kh5 49. Bd8 g4 50. Nxh4 f3 51. gxf3 gxf3 52. Kg3 Bb7 53. Nxf3 Bc8 54. h4 Bf5 55. Ng1 Bd3 56. Nh3 Bf5 57. Bg5 Kg6 58. Nf4+ Kh7 59. h5 Bc2 60. Nd5 Bd1 61. Nf6+ Kg7 62. h6+ Kg6 63. Kf4 Bb3 64. Nd7 Bc2 65. Ne5+ Kh7 66. Nf3 Kg6 67. Nh4+ Kh7 68. Ke5 Bb1 69. Kf6 Kg8 70. Bc1 Bc2 71. Nf3 Bb1 72. Ne5 Bc2 73. Kg5 Bb1 74. Ng4 Bc2 75. Nf6+ Kf7 76. Ba3 Bb1 77. h7 Bxh7 78. Nxh7 Ke6 79. Nf6 Ke5 80. Bc5 Ke6 81. Bd4 Kd6 82. Kf5 Kc6 83. Ke5 Kc7 84. Kd5 Kb7 85. Ne4 Kc7 86. Bc5 Kb7 87. Kd6 Kc8 88. Kc6 Kb8 89. Nc3 Kc8 90. Ba7 Kd8 91. Nd5 Kc8 92. Ne7+ Kd8 93. Kd6 Ke8 94. Ke6 Kf8 95. Nf5 Ke8 96. Bb6 Kf8 97. Ba5 Ke8 98. Ng7+ Kf8 99. Kf6 Kg8 100. Kg6 1-0

[Event "North American-ch U20"]
[Site "Kitchener CAN"]
[Date "2015.07.27"]
[Round "3"]
[White "Vettese, Nicholas"]
[Black "Liang, Hairan"]
[Result "1/2-1/2"]
[WhiteElo "2181"]
[BlackElo "1814"]
[PlyCount "147"]
[GameId "2160767908837307"]
[EventDate "2015.07.26"]
[EventType "swiss"]
[EventRounds "9"]
[EventCountry "CAN"]
[SourceTitle "EXT 2019"]
[Source "ChessBase"]
[SourceDate "2018.10.10"]
[SourceVersion "1"]
[SourceVersionDate "2018.10.10"]
[SourceQuality "1"]

1. e4 c5 2. Nf3 Nc6 3. d4 cxd4 4. Nxd4 g6 5. c4 Bg7 6. Be3 Nf6 7. Nc3 Ng4 8. Qxg4 Nxd4 9. Qd1 Ne6 10. Rc1 Qa5 11. Qd2 d6 12. Be2 Bd7 13. O-O Bc6 14. f3 g5 15. Rfd1 Be5 16. b3 Bf4 17. Nd5 Qxd2 18. Bxd2 Bxd2 19. Rxd2 f6 20. Kf2 Kf7 21. Ke3 Rac8 22. Nc3 Rhg8 23. Rh1 Rg7 24. h4 gxh4 25. Bf1 h5 26. Rxh4 Rh7 27. Ne2 Rch8 28. Nf4 Ng7 29. g3 e5 30. Nh3 Ke7 31. Rh2 Ne6 32. Nf2 f5 33. Bh3 f4+ 34. gxf4 Nxf4 35. Bg4 Be8 36. Nd3 Bg6 37. Bh3 Nxd3 38. Kxd3 Rf8 39. Ke3 a5 40. Rg2 Rf6 41. Rg5 Rhf7 42. Bg2 Rf8 43. Rh3 b6 44. Rhg3 Be8 45. Rg7+ R8f7 46. Rxf7+ Rxf7 47. Rg5 Rh7 48. Bh3 Bd7 49. Bxd7 Kxd7 50. Kf2 Kc6 51. Kg3 Kc5 52. Kh4 Kb4 53. Rg6 Kc5 54. Rf6 Rh8 55. Rf7 Kc6 56. a3 Rh6 57. b4 axb4 58. axb4 b5 59. cxb5+ Kxb5 60. Rb7+ Kc6 61. Rb8 Rf6 62. Kg3 h4+ 63. Kf2 h3 64. Rh8 Kb5 65. Rxh3 Kxb4 66. Rh8 Kc5 67. Kg3 Rg6+ 68. Kf2 d5 69. Rh5 Kd4 70. exd5 Kxd5 71. Ke3 Rf6 72. Rh8 Ra6 73. Rd8+ Rd6 74. Rxd6+ 1/2-1/2

[Event "North American-ch U20"]
[Site "Kitchener CAN"]
[Date "2015.07.28"]
[Round "4"]
[White "Xu, Jeffrey"]
[Black "Vettese, Nicholas"]
[Result "1-0"]
[WhiteElo "1847"]
[BlackElo "2181"]
[PlyCount "115"]
[GameId "2160767908845527"]
[EventDate "2015.07.26"]
[EventType "swiss"]
[EventRounds "9"]
[EventCountry "CAN"]
[SourceTitle "EXT 2019"]
[Source "ChessBase"]
[SourceDate "2018.10.10"]
[SourceVersion "1"]
[SourceVersionDate "2018.10.10"]
[SourceQuality "1"]

1. e4 c5 2. Nf3 d6 3. Bb5+ Bd7 4. Bxd7+ Qxd7 5. O-O Nf6 6. e5 dxe5 7. Nxe5 Qc7 8. d4 cxd4 9. Bf4 Qb6 10. Nd2 Nc6 11. Ndc4 Qc5 12. Qe2 Rd8 13. Rfe1 g6 14. Rad1 Nd5 15. Bg3 Bg7 16. Nxc6 Qxc6 17. Be5 O-O 18. Bxg7 Kxg7 19. Rxd4 Qf6 20. Rdd1 e6 21. c3 b6 22. g3 h5 23. Qe5 h4 24. Qxf6+ Nxf6 25. Kg2 hxg3 26. hxg3 Rd5 27. Ne3 Rxd1 28. Rxd1 Rc8 29. c4 Kf8 30. Kf3 Ke7 31. g4 Nd7 32. b3 Nc5 33. Nc2 Rd8 34. Rxd8 Kxd8 35. Ke3 a5 36. f4 f5 37. g5 Kd7 38. Kd4 Ne4 39. Ke5 Ke7 40. Kd4 Ng3 41. Ke5 Ne4 42. Kd4 Nf2 43. Ne1 Kd6 44. Nf3 Ng4 45. a3 e5+ 46. fxe5+ Ke6 47. b4 axb4 48. axb4 Nf2 49. Nh4 Ne4 50. Nxg6 Nxg5 51. Nf4+ Kd7 52. Kd5 Ne4 53. e6+ Kc7 54. Ke5 Kd8 55. Nd5 b5 56. c5 Ng3 57. e7+ Kd7 58. c6+ 1-0

[Event "North American-ch U20"]
[Site "Kitchener CAN"]
[Date "2015.07.28"]
[Round "5"]
[White "Vettese, Nicholas"]
[Black "Zhong, Joey"]
[Result "0-1"]
[WhiteElo "2181"]
[BlackElo "1897"]
[PlyCount "70"]
[GameId "2160767908845548"]
[EventDate "2015.07.26"]
[EventType "swiss"]
[EventRounds "9"]
[EventCountry "CAN"]
[SourceTitle "EXT 2019"]
[Source "ChessBase"]
[SourceDate "2018.10.10"]
[SourceVersion "1"]
[SourceVersionDate "2018.10.10"]
[SourceQuality "1"]

1. e4 c5 2. Nf3 e6 3. d4 cxd4 4. Nxd4 Nc6 5. Nc3 Qc7 6. Be3 Nf6 7. a3 a6 8. Be2 b5 9. f4 Bb7 10. O-O d6 11. Bf3 Be7 12. Qe1 O-O 13. Rd1 Na5 14. b3 Rac8 15. Bd2 Nc6 16. Nde2 Rfd8 17. g4 d5 18. e5 Ne4 19. Bxe4 dxe4 20. Be3 Rxd1 21. Nxd1 Bxa3 22. c3 Bf8 23. Qf2 Qd7 24. Nb2 Na5 25. Rd1 Qc6 26. b4 Nc4 27. Nxc4 Qxc4 28. Rd7 Bd5 29. Qe1 Ra8 30. Qd2 a5 31. bxa5 Rxa5 32. Ra7 Rxa7 33. Bxa7 Qd3 34. Be3 Bc5 35. Nd4 b4 0-1

[Event "CAN-ch"]
[Site "Guelph CAN"]
[Date "2015.07.10"]
[Round "1.17"]
[White "Piccinin, Mario"]
[Black "Vettese, Nicholas"]
[Result "0-1"]
[WhiteElo "2068"]
[BlackElo "2316"]
[PlyCount "82"]
[GameId "2160767908870980"]
[EventDate "2015.07.10"]
[EventType "swiss"]
[EventRounds "9"]
[EventCountry "CAN"]

1. f4 c5 2. Nf3 Nf6 3. d3 d5 4. g3 Nc6 5. Bg2 e6 6. O-O Bd6 7. Nc3 d4 8. Ne4 Nxe4 9. dxe4 e5 10. f5 f6 11. a3 b5 12. g4 h6 13. Nh4 Ne7 14. h3 Bb7 15. Qd3 c4 16. Qf3 Qb6 17. Kh1 a5 18. c3 Bc5 19. Bd2 Nc8 20. Ng6 Rg8 21. g5 hxg5 22. Qh5 Kd7 23. Bxg5 fxg5 24. Nxe5+ Kc7 25. Qxg5 dxc3 26. bxc3 Qf6 27. Qxf6 gxf6 28. Ng4 Rxg4 29. hxg4 Nd6 30. Bf3 Nxe4 31. Kg2 Nxc3 32. Bxb7 Kxb7 33. Kf3 Re8 34. g5 fxg5 35. Rfe1 Re3+ 36. Kg4 Rxe2 37. Rxe2 Nxe2 38. Kxg5 c3 39. Ra2 Nd4 40. Ra1 c2 41. f6 Nb3 0-1

[Event "CAN-ch"]
[Site "Guelph CAN"]
[Date "2015.07.11"]
[Round "2.6"]
[White "Vettese, Nicholas"]
[Black "Cao, Jason"]
[Result "0-1"]
[WhiteElo "2316"]
[BlackElo "2439"]
[PlyCount "56"]
[GameId "2160767738660388"]
[EventDate "2015.07.10"]
[EventType "swiss"]
[EventRounds "9"]
[EventCountry "CAN"]
[TimeControl "40/5400+30:1800+30"]

1. e4 c5 2. Nf3 d6 3. d4 cxd4 4. Nxd4 Nf6 5. Nc3 a6 6. Be3 e6 7. f3 b5 8. a3 Bb7 9. Qd2 Nbd7 10. g4 Nb6 11. O-O-O Nfd7 12. Qf2 Rc8 13. Kb1 Rxc3 14. bxc3 Na4 15. Ne2 Qc7 16. Bd4 Ne5 17. Bxe5 dxe5 18. c4 bxc4 19. Qe3 Bc5 20. Qc1 O-O 21. Ka2 Rb8 22. Qa1 Qa5 23. Qxe5 Rc8 24. Rb1 Bc6 25. Rb8 Rxb8 26. Qxb8+ Bf8 27. Qf4 c3 28. Nd4 Qc5 0-1

[Event "CAN-ch"]
[Site "Guelph CAN"]
[Date "2015.07.11"]
[Round "3.12"]
[White "Cai, Jason"]
[Black "Vettese, Nicholas"]
[Result "0-1"]
[WhiteElo "2254"]
[BlackElo "2316"]
[PlyCount "78"]
[GameId "2160767908870997"]
[EventDate "2015.07.10"]
[EventType "swiss"]
[EventRounds "9"]
[EventCountry "CAN"]

1. e4 c5 2. Nc3 d6 3. f4 Nc6 4. Nf3 g6 5. Bb5 Bd7 6. a4 Bg7 7. O-O e6 8. d3 Nge7 9. f5 exf5 10. Bg5 a6 11. Bc4 O-O 12. Qe1 Kh8 13. Bf4 Ne5 14. Nxe5 dxe5 15. Bg5 f6 16. Be3 Rc8 17. Qf2 Qc7 18. a5 f4 19. Bd2 Qd6 20. Rfb1 f5 21. Nd5 fxe4 22. dxe4 Bc6 23. Rd1 Bxd5 24. Bxd5 Nxd5 25. Bc3 Nxc3 26. Rxd6 Nxe4 27. Qh4 Nxd6 28. Qe7 Rcd8 29. Qc7 e4 30. Qxc5 Nf5 31. c3 e3 32. Re1 Rfe8 33. Qb4 f3 34. gxf3 e2 35. Qa4 Bh6 36. f4 Re7 37. Kf2 Rde8 38. h3 Re4 39. Qd7 Bxf4 0-1

[Event "CAN-ch"]
[Site "Guelph CAN"]
[Date "2015.07.12"]
[Round "4.5"]
[White "Vettese, Nicholas"]
[Black "Preotu, Razvan"]
[Result "0-1"]
[WhiteElo "2306"]
[BlackElo "2636"]
[PlyCount "86"]
[GameId "2160767738660410"]
[EventDate "2015.07.10"]
[EventType "swiss"]
[EventRounds "9"]
[EventCountry "CAN"]
[TimeControl "40/5400+30:1800+30"]

1. e4 c5 2. Nf3 d6 3. d4 cxd4 4. Nxd4 Nf6 5. Nc3 a6 6. Be3 e6 7. f3 b5 8. Qd2 b4 9. Nce2 e5 10. Nb3 Nc6 11. c4 a5 12. a4 Be6 13. Ng3 Nd7 14. Bd3 Nc5 15. Nc1 b3 16. Bxc5 dxc5 17. Nge2 Nb4 18. Nc3 Nxd3+ 19. Qxd3 Qd4 20. Nb5 Qxd3 21. Nxd3 O-O-O 22. Nxe5 Kb7 23. Rc1 g6 24. Ke2 Bh6 25. Nd3 Bxc1 26. Rxc1 Kc6 27. Rc3 f6 28. Nf4 Rhe8 29. Nxe6 Rxe6 30. Rxb3 f5 31. Na7+ Kd6 32. Rb5 fxe4 33. f4 e3 34. Rxa5 Ke7 35. Rxc5 Rd2+ 36. Ke1 Rxb2 37. g3 Ra6 38. Rc7+ Kd8 39. Nb5 Rxa4 40. Ra7 Rxc4 41. Ra8+ Ke7 42. Ra7+ Kf6 43. Ra6+ Kg7 0-1

[Event "CAN-ch"]
[Site "Guelph CAN"]
[Date "2015.07.12"]
[Round "5.10"]
[White "Shi, Diwen"]
[Black "Vettese, Nicholas"]
[Result "0-1"]
[WhiteElo "2214"]
[BlackElo "2316"]
[PlyCount "60"]
[GameId "2160767738660426"]
[EventDate "2015.07.10"]
[EventType "swiss"]
[EventRounds "9"]
[EventCountry "CAN"]
[TimeControl "40/5400+30:1800+30"]

1. e4 c5 2. Nf3 d6 3. d4 cxd4 4. Nxd4 Nf6 5. Nc3 a6 6. Be2 e5 7. Nb3 Be6 8. f4 exf4 9. Bxf4 Nc6 10. Qd2 Ne5 11. O-O-O Rc8 12. Kb1 b5 13. a3 Be7 14. Nd5 Nxe4 15. Qe3 Bxd5 16. Rxd5 Nf6 17. Rd2 Qc7 18. Nd4 O-O 19. Nf5 Rfe8 20. Qg3 Bf8 21. Bf3 Nc4 22. Rf2 Kh8 23. Rd1 Qc5 24. Nd4 a5 25. Qg5 d5 26. Re2 Rxe2 27. Bxe2 Nxb2 28. Kxb2 Ne4 29. Nb3 Qxa3+ 30. Kb1 Nc3# 0-1

[Event "CAN-ch"]
[Site "Guelph CAN"]
[Date "2015.07.13"]
[Round "6.9"]
[White "Vettese, Nicholas"]
[Black "Yam, Alex"]
[Result "0-1"]
[WhiteElo "2316"]
[BlackElo "2384"]
[PlyCount "46"]
[GameId "2160767738660436"]
[EventDate "2015.07.10"]
[EventType "swiss"]
[EventRounds "9"]
[EventCountry "CAN"]
[TimeControl "40/5400+30:1800+30"]

1. e4 d5 2. exd5 Qxd5 3. Nc3 Qd6 4. d4 Nf6 5. Nge2 c6 6. Bf4 Qb4 7. a3 Qb6 8. Rb1 Bf5 9. Ng3 Bg6 10. h4 h6 11. h5 Bh7 12. Bc4 e6 13. O-O Be7 14. Re1 O-O 15. Nce4 Nbd7 16. Bb3 Rfd8 17. c4 Nxe4 18. Nxe4 Bxe4 19. Rxe4 Nf6 20. Re3 Rxd4 21. Qf3 Bd6 22. Bxh6 Ng4 23. Bg5 Qc5 0-1

[Event "CAN-ch"]
[Site "Guelph CAN"]
[Date "2015.07.15"]
[Round "8.7"]
[White "Plotkin, Victor"]
[Black "Vettese, Nicholas"]
[Result "1/2-1/2"]
[WhiteElo "2400"]
[BlackElo "2316"]
[PlyCount "146"]
[GameId "2160767908879243"]
[EventDate "2015.07.10"]
[EventType "swiss"]
[EventRounds "9"]
[EventCountry "CAN"]

1. e4 c5 2. c3 d5 3. exd5 Qxd5 4. d4 Nf6 5. Nf3 e6 6. Be3 cxd4 7. cxd4 Bb4+ 8. Nc3 O-O 9. Bd3 b6 10. Qe2 Qa5 11. Bd2 Ba6 12. O-O Bxd3 13. Qxd3 Qa6 14. Qxa6 Nxa6 15. Rac1 Rfc8 16. Nb5 Bxd2 17. Nxd2 Nd5 18. g3 Nac7 19. Nxc7 Nxc7 20. Rc4 Nb5 21. Rfc1 Nd6 22. Rxc8+ Rxc8 23. Rxc8+ Nxc8 24. Kf1 Kf8 25. Ke2 Ke7 26. Kd3 Nd6 27. a4 Kd7 28. Nb1 Kc6 29. b4 a6 30. Nc3 f6 31. g4 g5 32. d5+ exd5 33. Kd4 Ne4 34. Nxd5 Nxf2 35. Nxf6 h6 36. Ke3 Nd1+ 37. Kd4 Nf2 38. Ke3 Nd1+ 39. Kd2 Nb2 40. Ng8 Nxa4 41. Nxh6 Kd5 42. Nf7 Ke4 43. h3 Kf4 44. Kc2 b5 45. Kd3 Nb2+ 46. Kd4 Nc4 47. Kc5 Ne3 48. Kb6 Nd5+ 49. Kc5 Ne3 50. Kb6 Nd5+ 51. Ka5 Nc7 52. Nd6 Kg3 53. Ne4+ Kxh3 54. Nf6 Kg3 55. Kb6 Ne6 56. Kxa6 Nd4 57. Kb6 Kf4 58. Kc5 Ne6+ 59. Kxb5 Ke5 60. Nh5 Kd6 61. Kb6 Nf4 62. Ka6 Nd5 63. b5 Kc5 64. Ka5 Kd6 65. Ng7 Kc7 66. Ka6 Kb8 67. Nf5 Nc7+ 68. Kb6 Nd5+ 69. Kc5 Nf6 70. Ne3 Kb7 71. Kd4 Ka7 72. Kc5 Kb7 73. Kd6 Nxg4 1/2-1/2

[Event "CAN-ch"]
[Site "Guelph CAN"]
[Date "2015.07.16"]
[Round "9.9"]
[White "Vettese, Nicholas"]
[Black "Chen, Richard"]
[Result "1-0"]
[WhiteElo "2316"]
[BlackElo "2297"]
[PlyCount "57"]
[GameId "2160767908879261"]
[EventDate "2015.07.10"]
[EventType "swiss"]
[EventRounds "9"]
[EventCountry "CAN"]

1. e4 e6 2. d4 d5 3. Nc3 Bb4 4. exd5 exd5 5. Bd3 Nc6 6. a3 Bxc3+ 7. bxc3 Nge7 8. Qf3 Be6 9. Ne2 Qd7 10. Ng3 O-O-O 11. O-O h5 12. h4 f6 13. Re1 Rdg8 14. a4 Bg4 15. Qf4 g5 16. Qxf6 gxh4 17. Qxh4 Nf5 18. Nxf5 Bxf5 19. Kh2 Bxd3 20. cxd3 Rg4 21. Qf6 Rhg8 22. g3 h4 23. Bf4 hxg3+ 24. Bxg3 R4g6 25. Qf3 Rh6+ 26. Kg1 Ne7 27. Re5 Ng6 28. Qxd5 Qh7 29. Qe6+ 1-0

[Event "CYCC U12"]
[Site "Windsor CAN"]
[Date "2015.07.06"]
[Round "1.52"]
[White "Du, Robert"]
[Black "Vettese, Nicholas"]
[Result "0-1"]
[WhiteElo "1155"]
[BlackElo "2316"]
[PlyCount "70"]
[GameId "2160767908887834"]
[EventDate "2015.07.06"]
[EventType "swiss"]
[EventRounds "7"]
[EventCountry "CAN"]
[SourceTitle "hb 2015"]

1. e4 c5 2. Nf3 d6 3. d4 cxd4 4. Nxd4 Nf6 5. Nc3 a6 6. Be3 Nbd7 7. f3 Qc7 8. Be2 b5 9. a3 Bb7 10. Qd2 Rc8 11. O-O e6 12. Rad1 d5 13. g3 e5 14. Nf5 d4 15. Nxd4 exd4 16. Bxd4 Bc5 17. Bxc5 Qxc5+ 18. Kg2 O-O 19. Bd3 Rfd8 20. Qf4 Ne5 21. Qd2 Nc4 22. Qc1 Ne3+ 23. Kh1 Nxf1 24. Rxf1 b4 25. axb4 Qxb4 26. Kg2 Nd7 27. f4 Nc5 28. Re1 Rxd3 29. cxd3 Nxd3 30. Qd2 Nxe1+ 31. Qxe1 Qxb2+ 32. Ne2 Rc2 33. Kf3 Bxe4+ 34. Kf2 Bd3 35. Kf1 Rxe2 0-1

[Event "CYCC U12"]
[Site "Windsor CAN"]
[Date "2015.07.07"]
[Round "2.51"]
[White "Vettese, Nicholas"]
[Black "Low, Ethan"]
[Result "1-0"]
[WhiteElo "2316"]
[BlackElo "1578"]
[PlyCount "53"]
[GameId "2160767908896056"]
[EventDate "2015.07.06"]
[EventType "swiss"]
[EventRounds "7"]
[EventCountry "CAN"]
[SourceTitle "hb 2015"]

1. e4 c6 2. d4 d5 3. Nc3 dxe4 4. Nxe4 Bf5 5. Ng3 Bg6 6. N1e2 e6 7. Nf4 Bd6 8. c3 Nf6 9. h4 Qc7 10. Qf3 h6 11. Nxg6 fxg6 12. Bd3 Qf7 13. Ne4 Nxe4 14. Qxe4 Qf5 15. Qe2 Qf6 16. h5 gxh5 17. Qxh5+ Kd7 18. Bg5 Qf8 19. Rh3 Kc7 20. Bh4 Nd7 21. Rf3 Nf6 22. Qg6 Be7 23. O-O-O Rg8 24. Re1 Kd7 25. Bc4 Rh8 26. Bxe6+ Kd8 27. d5 1-0

[Event "CYCC U12"]
[Site "Windsor CAN"]
[Date "2015.07.07"]
[Round "3.51"]
[White "Feng, Richard"]
[Black "Vettese, Nicholas"]
[Result "0-1"]
[WhiteElo "1809"]
[BlackElo "2316"]
[PlyCount "108"]
[GameId "2160767908896086"]
[EventDate "2015.07.06"]
[EventType "swiss"]
[EventRounds "7"]
[EventCountry "CAN"]
[SourceTitle "hb 2015"]

1. e4 c5 2. Nc3 d6 3. Bb5+ Bd7 4. Bxd7+ Qxd7 5. f4 Nc6 6. Nf3 g6 7. d3 Bg7 8. O-O e6 9. Qe1 Nge7 10. e5 dxe5 11. fxe5 Nxe5 12. Nxe5 Qd4+ 13. Be3 Qxe5 14. Qf2 Qxe3 15. Qxe3 Bd4 16. Qxd4 cxd4 17. Nb5 O-O 18. Nxd4 Rac8 19. Rf2 Rfd8 20. Nf3 Nd5 21. Ng5 Rd7 22. Ne4 Kg7 23. Ng5 Ne3 24. Re1 Nxc2 25. Rc1 Rdc7 26. Nxf7 Nb4 27. Rxc7 Rxc7 28. Ng5 Re7 29. Re2 Nxd3 30. Nxe6+ Kf6 31. Rd2 Nxb2 32. Nf4 Nc4 33. Nd5+ Kg5 34. Rd4 Rd7 35. h4+ Kh6 36. Rxc4 Rxd5 37. Rc7 Ra5 38. Rxb7 Rxa2 39. g4 g5 40. hxg5+ Kg6 41. Kf1 a5 42. Ke1 a4 43. Kd1 Rg2 44. Rb6+ Kxg5 45. Rb5+ Kf6 46. Rb6+ Ke5 47. Kc1 a3 48. Ra6 a2 49. Ra5+ Kf4 50. Ra4+ Kg5 51. Ra5+ Kxg4 52. Ra4+ Kh3 53. Ra3+ Kh2 54. Ra4 a1=Q+ 0-1

[Event "CYCC U12"]
[Site "Windsor CAN"]
[Date "2015.07.08"]
[Round "4.51"]
[White "Vettese, Nicholas"]
[Black "Talukdar, Rohan"]
[Result "1-0"]
[WhiteElo "2316"]
[BlackElo "2133"]
[PlyCount "51"]
[GameId "2160767908896116"]
[EventDate "2015.07.06"]
[EventType "swiss"]
[EventRounds "7"]
[EventCountry "CAN"]
[SourceTitle "EXT 2022"]
[Source "ChessBase"]
[SourceDate "2021.10.06"]
[SourceVersion "1"]
[SourceVersionDate "2021.10.06"]
[SourceQuality "1"]

1. e4 c5 2. Nf3 d6 3. d4 cxd4 4. Nxd4 Nf6 5. Nc3 g6 6. Be3 Nc6 7. f3 Bg7 8. Qd2 O-O 9. O-O-O d5 10. Nxc6 bxc6 11. exd5 cxd5 12. Nxd5 Nxd5 13. Qxd5 Qc7 14. Qxa8 Bf5 15. Qxf8+ Kxf8 16. Rd2 Qb8 17. b3 Bc3 18. Rd5 e6 19. Rb5 Qa8 20. Be2 a6 21. Rc5 Bb4 22. Rc4 Ba3+ 23. Kb1 Qd5 24. Rc8+ Ke7 25. Bg5+ Kd7 26. Rd8+ 1-0

[Event "CYCC U12"]
[Site "Windsor CAN"]
[Date "2015.07.08"]
[Round "5.51"]
[White "Zhang, Henry"]
[Black "Vettese, Nicholas"]
[Result "0-1"]
[WhiteElo "1839"]
[BlackElo "2316"]
[PlyCount "122"]
[GameId "2160767908896146"]
[EventDate "2015.07.06"]
[EventType "swiss"]
[EventRounds "7"]
[EventCountry "CAN"]
[SourceTitle "hb 2015"]

1. e4 c5 2. Nf3 d6 3. d4 cxd4 4. Qxd4 Nc6 5. Bb5 Bd7 6. Bxc6 Bxc6 7. Nc3 h6 8. O-O Nf6 9. h3 e6 10. Be3 Be7 11. Rad1 Qc7 12. e5 dxe5 13. Qxe5 Qc8 14. Qg3 Nh5 15. Qg4 Nf6 16. Qg3 Bxf3 17. Qxf3 O-O 18. Rd2 a6 19. Rfd1 b5 20. Ne2 Nd5 21. Bd4 Qc7 22. Qg3 Qxg3 23. Nxg3 Rac8 24. Ne4 Rfd8 25. a3 a5 26. Nc3 Bg5 27. Nxd5 Rxd5 28. Be3 Bxe3 29. fxe3 Rxc2 30. Rxd5 exd5 31. Rxd5 Rxb2 32. a4 bxa4 33. Rxa5 Ra2 34. Kh2 a3 35. h4 Ra1 36. Ra7 a2 37. g4 g6 38. h5 g5 39. Ra6 f6 40. Ra7 Kf8 41. Kg2 Ke8 42. Kh2 Kd8 43. Kg2 Kc8 44. Kh2 Kb8 45. Ra3 Kb7 46. Kg2 Kb6 47. Ra8 Kb5 48. Ra7 Kb4 49. Ra8 Kb3 50. Rb8+ Kc4 51. Ra8 Kd3 52. Ra3+ Ke4 53. Kh2 Kf3 54. Ra4 Re1 55. Rxa2 Re2+ 56. Rxe2 Kxe2 57. Kh3 Kxe3 58. Kg3 Ke4 59. Kg2 Kf4 60. Kh3 Kf3 61. Kh2 Kxg4 0-1

[Event "CYCC U12"]
[Site "Windsor CAN"]
[Date "2015.07.09"]
[Round "6.51"]
[White "Vettese, Nicholas"]
[Black "Pulfer, Luke"]
[Result "1/2-1/2"]
[WhiteElo "2316"]
[BlackElo "1995"]
[PlyCount "55"]
[GameId "2160767908896176"]
[EventDate "2015.07.06"]
[EventType "swiss"]
[EventRounds "7"]
[EventCountry "CAN"]
[SourceTitle "hb 2015"]

1. e4 e5 2. Nf3 Nc6 3. Bc4 Nf6 4. d3 Bc5 5. c3 O-O 6. Bb3 d5 7. exd5 Nxd5 8. h3 Bf5 9. O-O Nb6 10. Bc2 Qd7 11. Qe2 Rfe8 12. Nbd2 Rad8 13. Ne4 Bf8 14. Rd1 Nd5 15. Nh4 Be6 16. Qf3 Be7 17. Ng5 Bxg5 18. Bxg5 f6 19. Bc1 g5 20. Qg3 Kh8 21. Nf3 Rg8 22. Nh2 Nf4 23. Kh1 Ne7 24. d4 Bf5 25. Bb3 Be6 26. Bc2 Bf5 27. Bb3 Be6 28. Bc2 1/2-1/2

[Event "CYCC U12"]
[Site "Windsor CAN"]
[Date "2015.07.09"]
[Round "7.51"]
[White "Guo, Thomas"]
[Black "Vettese, Nicholas"]
[Result "0-1"]
[WhiteElo "1722"]
[BlackElo "2316"]
[PlyCount "88"]
[GameId "2160767908896205"]
[EventDate "2015.07.06"]
[EventType "swiss"]
[EventRounds "7"]
[EventCountry "CAN"]
[SourceTitle "hb 2015"]

1. e4 c5 2. Nf3 d6 3. c3 Nf6 4. h3 Nc6 5. Bd3 d5 6. e5 c4 7. Bc2 Nd7 8. Ba4 Nc5 9. O-O Qc7 10. d4 cxd3 11. Bxc6+ bxc6 12. Be3 Nd7 13. Qxd3 Nxe5 14. Nxe5 Qxe5 15. Nd2 e6 16. Nf3 Qc7 17. Rfe1 Bd6 18. c4 O-O 19. c5 Be7 20. b4 Rb8 21. Rab1 e5 22. Qd2 Bf5 23. Rb2 f6 24. a4 Rfd8 25. Rc1 Rb7 26. Qe2 d4 27. Bd2 Qd7 28. b5 Rdb8 29. Ba5 Qd5 30. Rb4 cxb5 31. axb5 Bxc5 32. Qc4 Qxc4 33. Rbxc4 Bd6 34. Bc7 Bxc7 35. Rxc7 Rxc7 36. Rxc7 Rxb5 37. Rxa7 h6 38. g4 Rb1+ 39. Kh2 Be4 40. Nd2 Rh1+ 41. Kg3 Rg1+ 42. Kh4 Bg6 43. Ra2 Be8 44. Ra8 g5# 0-1

[Event "Outaouais op (TORO)"]
[Site "Gatineau CAN"]
[Date "2015.06.06"]
[Round "2"]
[White "Hambleton, Aman"]
[Black "Vettese, Nicholas"]
[Result "1-0"]
[WhiteElo "2606"]
[BlackElo "2273"]
[PlyCount "69"]
[GameId "2160767908917462"]
[EventDate "2015.06.05"]
[EventType "swiss"]
[EventRounds "5"]
[EventCountry "CAN"]
[SourceTitle "EXT 2019"]
[Source "ChessBase"]
[SourceDate "2018.10.10"]
[SourceVersion "1"]
[SourceVersionDate "2018.10.10"]
[SourceQuality "1"]

1. d4 Nf6 2. c4 e6 3. Nc3 Bb4 4. Qc2 c5 5. dxc5 Bxc5 6. Nf3 Be7 7. Bf4 a6 8. Rd1 Nc6 9. e4 O-O 10. Be2 b5 11. e5 Nh5 12. Be3 f5 13. cxb5 axb5 14. Bxb5 Nb4 15. Qe2 Qa5 16. a4 Nd5 17. O-O Nhf4 18. Bxf4 Nxf4 19. Qe3 g5 20. h4 h6 21. g3 Nh3+ 22. Kh2 g4 23. Qxh6 Qc7 24. Qg6+ Kh8 25. Rd4 Bc5 26. Rxg4 fxg4 27. Qh5+ Kg8 28. Qxg4+ Kh8 29. Qh5+ Kg8 30. Qg6+ Kh8 31. Kxh3 d5 32. exd6 e5+ 33. Kh2 Bxd6 34. Ne4 Bb4 35. Nf6 1-0

[Event "Outaouais op (TORO)"]
[Site "Gatineau CAN"]
[Date "2015.06.06"]
[Round "3"]
[White "Vettese, Nicholas"]
[Black "Kellar, Ben"]
[Result "1-0"]
[WhiteElo "2273"]
[BlackElo "2040"]
[PlyCount "67"]
[GameId "2160767908917481"]
[EventDate "2015.06.05"]
[EventType "swiss"]
[EventRounds "5"]
[EventCountry "CAN"]
[SourceTitle "EXT 2019"]
[Source "ChessBase"]
[SourceDate "2018.10.10"]
[SourceVersion "1"]
[SourceVersionDate "2018.10.10"]
[SourceQuality "1"]

1. e4 c5 2. Nf3 g6 3. d4 Bg7 4. c4 Qb6 5. dxc5 Qxc5 6. Qc2 d6 7. h3 Nf6 8. Nc3 O-O 9. Be3 Qa5 10. Rc1 Nc6 11. a3 Bd7 12. Be2 Rac8 13. O-O Qc7 14. Qb1 b6 15. Nd5 Qb7 16. Bg5 Rfe8 17. Nxf6+ exf6 18. Be3 f5 19. Nd2 Nd4 20. Bd3 Bc6 21. Bxd4 Bxd4 22. Rfe1 fxe4 23. Bxe4 d5 24. cxd5 Bxd5 25. Rxc8 Rxc8 26. Qd3 Bxe4 27. Nxe4 Be5 28. b4 a6 29. f4 Bb8 30. Nf6+ Kf8 31. Nxh7+ Kg8 32. Nf6+ Kf8 33. Kf1 Ba7 34. Rb1 1-0

[Event "Outaouais op (TORO)"]
[Site "Gatineau CAN"]
[Date "2015.06.07"]
[Round "4"]
[White "Corriveau, Philippe"]
[Black "Vettese, Nicholas"]
[Result "0-1"]
[WhiteElo "2022"]
[BlackElo "2273"]
[PlyCount "48"]
[GameId "2160767908917484"]
[EventDate "2015.06.05"]
[EventType "swiss"]
[EventRounds "5"]
[EventCountry "CAN"]
[SourceTitle "EXT 2019"]
[Source "ChessBase"]
[SourceDate "2018.10.10"]
[SourceVersion "1"]
[SourceVersionDate "2018.10.10"]
[SourceQuality "1"]

1. e4 c5 2. Nc3 e6 3. Nf3 d6 4. g3 Nf6 5. Bg2 Be7 6. O-O O-O 7. d4 cxd4 8. Nxd4 a6 9. h3 Qc7 10. g4 Nc6 11. Nde2 b5 12. Ng3 Bb7 13. a3 Ne5 14. Nce2 d5 15. g5 Nxe4 16. Nxe4 dxe4 17. Bf4 Bd6 18. Bxe5 Bxe5 19. c3 Qc5 20. Qc1 Bd6 21. Rd1 Qe5 22. Qe3 Rfe8 23. Rd2 Be7 24. Rad1 Qxg5 0-1